Statistiche per Quiz sulla Corea del Nord

Clicka qui per fare il quiz!

Statistiche generali

  • Questo quiz è stato fatto 474 volte
  • Il punteggio medio è 13 su 24

Statistiche sulle risposte

IndizioRisposta% Corretto
Nazioni confinantiCorea del Sud
97%
Nazioni confinantiCina
96%
CapitalePyongyang
94%
Nazioni confinantiRussia
91%
Leader supremoKim Jong-un
82%
Nel ranking sui diritti umani Democracy Index del 2020, su 167 Paesi la Corea del Nord si posiziona...167°
81%
Paese che occupò la Corea del Nord dai primi del '900 fino alla fine della seconda guerra mondialeGiappone
81%
La Corea del Nord possiede probabilmente il più piccolo arsenale di queste armi di distruzione di massaBombe atomiche
74%
Politicamente è considerata una dittatura totalitaria di stampo...Stalinista
74%
Nome ufficiale della Corea del NordRepubblica {Popolare} {Democratica} di Corea
59%
Ciononostante, secondo alcune fonti il consumo di questa sostanza è ironicamente legaleMarijuana
57%
Mari che bagnano la Corea del NordMar del Giappone
47%
Al confine fra le due Coree si trova la ZDC. Per cosa sta questa sigla?{Zona} {demilitarizzata} coreana
47%
Capo della resistenza comunista a questa occupazione e nonno dell'attuale capo di StatoKim Il-sung
46%
La nazione in cui ha vissuto e studiato da giovane suddetto leaderSvizzera
46%
Mari che bagnano la Corea del NordMar Giallo
43%
ValutaWon nordcoreano (₩)
43%
I rapporti con la Corea del Sud hanno subito una svolta positiva in questa manifestazione sportiva del 2018Olimpiadi invernali
36%
Piatto tipico dell'intera penisola a base di verdure fermentate, nel Nord tende ad essere meno piccanteKimchi
35%
Ex Senatore della Repubblica Italiana con stretti legami con la Corea del NordAntonio Razzi
34%
Alcune ONG sudcoreane sono riuscite a far arrivare in Corea del Nord materiali censurati tramite questo fantasioso stratagemmaLegandoli a {palloncini}
25%
Lo stesso studio artistico è affiliato dal 2005 con questo PaeseItalia
22%
Vetta più altaMonte {Paektu}
18%
Lo studio artistico Mansudae realizza questo "export" coreano, uno dei più peculiari e riconosciuti nel mondoOpere monumentali
14%

Distribuzione punteggi

Percentile per numero di risposta

Percentuale di utenti per punteggio

I tuoi punteggi nel tempo

Non hai fatto questo quiz